Catálogo
Digital

Catálogo
Digital

Proyectos agroindustriales y agronegocios. (Record no. 7249)

MARC details
000 -LEADER
campo de control de longitud fija 00967nam a2200301Ia 4500
000 - LEADER
campo de control de longitud fija nam a22 i 4500
001 - NÚMERO DE CONTROL
campo de control UNACH-8971
007 - CAMPO FIJO DE DESCRIPCIÓN FÍSICA--INFORMACIÓN GENERAL
campo de control de longitud fija ta
008 - DATOS DE LONGITUD FIJA--INFORMACIÓN GENERAL
campo de control de longitud fija 221212s ||||fr|||| 00| | spa d
020 ## - NÚMERO INTERNACIONAL ESTÁNDAR DEL LIBRO
Número Internacional Estándar del Libro 978-6-12-304039-0
041 0# - CÓDIGO DE IDIOMA
Código de lengua del texto/banda sonora o título independiente spa
082 04 - NÚMERO DE LA CLASIFICACIÓN DECIMAL DEWEY
Número de clasificación 630.92
Número de ítem Técnico en Agricultura
100 1# - ENTRADA PRINCIPAL--NOMBRE DE PERSONA
Nombre de persona Carbonel Valdivia, Juan,
Término indicativo de función/relación autor
245 10 - MENCIÓN DEL TÍTULO
Título Proyectos agroindustriales y agronegocios.
264 31 - PRODUCCIÓN, PUBLICACIÓN, DISTRIBUCIÓN, FABRICACIÓN Y COPYRIGHT
Producción, publicación, distribución, fabricación y copyright [Lima] :
-- Perú :
Nombre del de productor, editor, distribuidor, fabricante Editorial MACRO,
Fecha de producción, publicación, distribución, fabricación o copyright 2011
300 ## - DESCRIPCIÓN FÍSICA
Extensión 213 páginas :
Otras características físicas ilustraciones
336 ## - TIPO DE CONTENIDO
Término de tipo de contenido texto
Código de tipo de contenido txt
Fuente rdacontent
337 ## - TIPO DE MEDIO
Nombre/término del tipo de medio no mediado
Código del tipo de medio n
Fuente rdamedia
338 ## - TIPO DE SOPORTE
Nombre/término del tipo de soporte volumen
Código del tipo de soporte nc
Fuente rdacarrier
504 ## - NOTA DE BIBLIOGRAFÍA, ETC.
Nota de bibliografía, etc. Incluye bibliografía.
505 0# - NOTA DE CONTENIDO CON FORMATO
Nota de contenido con formato Los proyectos agro industriales y los agro negocios.-- Identificación de propuestas de agro negocios.
650 14 - PUNTO DE ACCESO ADICIONAL DE MATERIA--TÉRMINO DE MATERIA
Término de materia o nombre geográfico como elemento de entrada MERCADO AGRO INDUSTRIAL
650 24 - PUNTO DE ACCESO ADICIONAL DE MATERIA--TÉRMINO DE MATERIA
Término de materia o nombre geográfico como elemento de entrada DISEÑO DE PRODUCTO
650 24 - PUNTO DE ACCESO ADICIONAL DE MATERIA--TÉRMINO DE MATERIA
Término de materia o nombre geográfico como elemento de entrada PROYECTO AGRO INDUSTRIAL
653 0# - TÉRMINO DE INDIZACIÓN--NO CONTROLADO
Término no controlado Técnico en Agricultura
942 ## - ELEMENTOS DE ENTRADA SECUNDARIOS (KOHA)
Fuente del sistema de clasificación o colocación Clasificación Decimal Dewey
Tipo de ítem Koha Libros
Suprimir en OPAC No
Holdings
Estado de pérdida Fuente del sistema de clasificación o colocación Estado de daño No para préstamo Biblioteca de origen Biblioteca actual Sección Fecha de adquisición Total de préstamos Signatura topográfica completa Código de barras Visto por última vez Precio de reemplazo Tipo de ítem Koha Fuente de adquisición Copia número
  Clasificación Decimal Dewey     Biblioteca Campus Norte Biblioteca Campus Norte Ingeniería Agroindustrial 18/02/2015   630.92 CAR L002528 L002528 15/12/2022 15/12/2022 Libros    
  Clasificación Decimal Dewey     Biblioteca Campus Norte Biblioteca Campus Norte Ingeniería Industrial 15/10/2025   630.92 CAR L011567 L011567 15/10/2025 15/10/2025 Libros Disposición Transitoria SEGUNDA. Resolución No. 0311-CU-UNACH-SE-ORD-16-09-2024 Ej: 02

Powered by Koha